Nelson v Nelson and others (Record no. 48502)
[ view plain ]
| 000 -LEADER | |
|---|---|
| fixed length control field | 01353cab a2200241 4500 |
| 001 - CONTROL NUMBER | |
| control field | X77173 |
| 008 - FIXED-LENGTH DATA ELEMENTS--GENERAL INFORMATION | |
| fixed length control field | 090401t1997 xxu||||| |||| 00| 0 eng d |
| 035 ## - SYSTEM CONTROL NUMBER | |
| System control number | (Sirsi) u77173 |
| 041 ## - LANGUAGE CODE | |
| Language code of text/sound track or separate title | eng |
| 245 ## - TITLE STATEMENT | |
| Title | Nelson v Nelson and others |
| 260 ## - PUBLICATION, DISTRIBUTION, ETC. | |
| Date of publication, distribution, etc. | 1997 |
| 350 ## - PRICE (NR) (BK AM CF MU VM SE) [OBSOLETE] | |
| Price | 0 |
| 490 ## - SERIES STATEMENT | |
| Series statement | Weekly Law Reports |
| Volume/sequential designation | [1997] 1 WLR 233-241(5) |
| 520 ## - SUMMARY, ETC. | |
| Summary, etc. | CA 6 December 1996. Plaintiff instructing solicitors to act on his behalf in respect of his interest in a property failed to disclose that he was an undischarged bankrupt. The solicitors discovered the first defendant had sold the property and obtained a Mareva injunction to protect the proceeds of the sale. The solicitors then learnt the plaintiff was an undischarged bankrupt and the injunction was discharged. Held that the no wasted costs order could be made since there had been no negligence on the part of the solicitors but ordered them to pay costs under the inherent jurisdiction of the court. Appeal allowed. Since the judge had found the solicitors conduct to be innocent, the court`s discretion to award costs should have been exercised in their favour. |
| 650 ## - SUBJECT ADDED ENTRY--TOPICAL TERM | |
| Topical term or geographic name entry element | BANKRUPTCY |
| 650 ## - SUBJECT ADDED ENTRY--TOPICAL TERM | |
| Topical term or geographic name entry element | NEGLIGENCE |
| 650 ## - SUBJECT ADDED ENTRY--TOPICAL TERM | |
| Topical term or geographic name entry element | NELSON V NELSON |
| 650 ## - SUBJECT ADDED ENTRY--TOPICAL TERM | |
| Topical term or geographic name entry element | SALE OF PROPERTY |
| 650 ## - SUBJECT ADDED ENTRY--TOPICAL TERM | |
| Topical term or geographic name entry element | SOLICITORS |
| 690 ## - LOCAL SUBJECT ADDED ENTRY--TOPICAL TERM (OCLC, RLIN) | |
| Topical term or geographic name as entry element | PROPERTY LAW AND PRACTICE-CASE LAW |
| 942 ## - ADDED ENTRY ELEMENTS (KOHA) | |
| Suppress in OPAC | 0 |
| 948 ## - LOCAL PROCESSING INFORMATION (OCLC); SERIES PART DESIGNATOR (RLIN) | |
| c (OCLC) | 18/03/1997 |
| Withdrawn status | Lost status | Source of classification or shelving scheme | Damaged status | Not for loan | Home library | Current library | Shelving location | Date acquired | Total Checkouts | Full call number | Barcode | Date last seen | Copy number | Price effective from | Koha item type |
|---|---|---|---|---|---|---|---|---|---|---|---|---|---|---|---|
| Other/Generic Classification Scheme | London | London | Journal article | 14/09/1999 | X77173 | 77173-1001 | 06/08/2019 | 1 | 06/08/2019 | Law report |